Macroeconomía en la economía global.
Saved in:
| Hovedforfatter: | |
|---|---|
| Andre forfattere: | |
| Format: | Bog |
| Sprog: | spansk |
| Udgivet: |
Buenos Aires, Argentina:
Pearson Education,
2002.
|
| Udgivelse: | Segunda edición. |
| Fag: | |
| Tags: |
Tilføj Tag
Ingen Tags, Vær først til at tagge denne postø!
|
MARC
| LEADER | 00000nam a2200000 a 4500 | ||
|---|---|---|---|
| 001 | UCM4184 | ||
| 003 | CL-VaPUC | ||
| 005 | 20250321101905.0 | ||
| 008 | 020802e20020300AG |||||||||||||||||spa|d | ||
| 999 | |c 301040 |d 301038 | ||
| 020 | |a 987-9460-68-5 | ||
| 040 | |c Pontificia Universidad Católica de Valparaíso | ||
| 082 | 0 | 4 | |a 339 LAR 2002 |2 21 |
| 100 | |a Larraín Bascuñán, Felipe |e autor |9 588048 | ||
| 245 | 1 | 0 | |a Macroeconomía en la economía global. |
| 250 | |a Segunda edición. | ||
| 260 | |a Buenos Aires, Argentina: |b Pearson Education, |c 2002. | ||
| 300 | |a XXXI, 756 páginas. | ||
| 500 | |a c.9. Instituto Arcos 8-1-2025 | ||
| 583 | |a last modification |c 20160704 08:44:43 |k Rodrigo Vera | ||
| 650 | 0 | |a Macroeconomía |9 260301 | |
| 650 | 0 | |a Oferta y demanda |9 255571 | |
| 650 | 0 | |a Desarrollo económico |9 259599 | |
| 650 | 0 | |a Inversiones |9 345867 | |
| 650 | 0 | |a Mercado de trabajo |9 879563 | |
| 700 | 0 | |a Sachs, Jeffrey D |e autor |9 470756 | |
| 942 | |c BK |2 ddc |n 0 | ||
| 945 | |d 20020802 00:00:00 |a cmena | ||
| 952 | |0 0 |1 0 |4 0 |6 339_000000000000000_LAR_2002 |7 0 |8 R |9 359643 |a BIBENE |b BIBENE |d 2019-11-21 |i 3835251 |o 339 LAR 2002 |p 3835251 |r 2025-01-15 |w 2019-11-21 |y BK_R |k ICO | ||
| 952 | |0 0 |1 0 |4 0 |6 339_000000000000000_LAR_2002 |7 0 |8 R |9 359644 |a BIBENE |b BIBENE |d 2019-11-21 |i 383526K |l 1 |o 339 LAR 2002 |p 383526K |r 2025-01-15 |s 2022-01-10 |w 2019-11-21 |y BK_R |k ICO | ||
| 952 | |0 0 |1 0 |4 0 |6 339_000000000000000_LAR_2002 |7 0 |8 R |9 359645 |a BIBENE |b BIBENE |d 2019-11-21 |i 3835278 |o 339 LAR 2002 |p 3835278 |r 2025-01-15 |w 2019-11-21 |y BK_R |k ICO | ||
| 952 | |0 0 |1 0 |4 0 |6 339_000000000000000_LAR_2002 |7 0 |8 R |9 359646 |a BIBENE |b BIBENE |d 2019-11-21 |i 3859924 |o 339 LAR 2002 |p 3859924 |r 2025-01-15 |w 2019-11-21 |y BK_R |k ICO | ||
| 952 | |0 0 |1 0 |4 0 |6 339_000000000000000_LAR_2002 |7 0 |8 R |9 359647 |a BIBENE |b BIBENE |d 2019-11-21 |i 386622K |o 339 LAR 2002 |p 386622K |r 2025-01-15 |w 2019-11-21 |y BK_R |k ICO | ||
| 952 | |0 0 |1 0 |4 0 |6 339_000000000000000_LAR_2002 |7 0 |8 R |9 359648 |a BIBENE |b BIBENE |d 2019-11-21 |i 3916316 |o 339 LAR 2002 |p 3916316 |r 2025-01-15 |w 2019-11-21 |y BK_R |k ICO | ||
| 952 | |0 0 |1 0 |2 ddc |4 0 |6 339_000000000000000_LAR_2002 |7 0 |8 A |9 359649 |a BIBING |b BIBING |c RES |d 2019-11-21 |i 4359801 |o 339 LAR 2002 |p 4359801 |r 2025-01-20 |w 2019-11-21 |y BK |k CIC | ||
| 952 | |0 0 |1 0 |4 0 |6 339_000000000000000_LAR_2002 |7 0 |8 R |9 359651 |a BIBENE |b BIBENE |d 2019-11-21 |i 3921921 |l 5 |m 4 |o 339 LAR 2002 |p 3921921 |r 2025-01-15 |s 2023-06-28 |w 2019-11-21 |y BK_R |k ICO | ||
| 952 | |0 0 |1 0 |2 ddc |4 0 |6 339_000000000000000_LAR_2002 |7 0 |8 A |9 599106 |a BIBINC |b BIBINC |d 2025-01-10 |e Instituto Arcos |i 5664059 |o 339 LAR 2002 |p 5664059 |r 2025-01-10 |t 9 |w 2025-01-10 |y BK |k IFP | ||